Contemporary Oral And Maxillofacial Surgery (Record no. 20917)

MARC details
000 -LEADER
fixed length control field 00396nam a22001577a 4500
003 - CONTROL NUMBER IDENTIFIER
control field SGT
020 ## - INTERNATIONAL STANDARD BOOK NUMBER
International Standard Book Number 9788131256855
082 ## - DEWEY DECIMAL CLASSIFICATION NUMBER
Classification number 617.525
Item number C19H
100 ## - MAIN ENTRY--PERSONAL NAME
Personal name James R Hupp,
245 ## - TITLE STATEMENT
Title Contemporary Oral And Maxillofacial Surgery
250 ## - EDITION STATEMENT
Edition statement 7TH South Asia
260 ## - PUBLICATION, DISTRIBUTION, ETC. (IMPRINT)
Place of publication, distribution, etc NEW DELHI
Name of publisher, distributor, etc Elsevier Health Sciences, India
Year of Publication 2019
300 ## - PAGE DESCRIPTION
No. of Pages 1-708
650 ## - SUBJECT ADDED ENTRY--TOPICAL TERM
Topical term or geographic name as entry element ORAL SURGERY
942 ## - ADDED ENTRY ELEMENTS (KOHA)
Source of classification or shelving scheme Dewey Decimal Classification
Koha item type Books
942 ## - ADDED ENTRY ELEMENTS (KOHA)
-- 13
Holdings
Withdrawn status Lost status Source of classification or shelving scheme Damaged status Not for loan Home library Current library Shelving location Date acquired Vendor Name Cost, normal purchase price SGTU Bill Number Total Checkouts Full call number Accession No. (Barcode) Date last seen Date last borrowed Bill Date Koha item type
    Dewey Decimal Classification     SGT Dental Library SGT Dental Library Reference Book 06/03/2021 AHUJA BOOK COMPANY 2850.00 SGTU 12616 5 617.525 C19H FD8328 17/10/2025 11/10/2025 27/01/2021 Books
    Dewey Decimal Classification     SGT Dental Library SGT Dental Library Reference Book 06/03/2021 AHUJA BOOK COMPANY 2850.00 SGTU 12616 4 617.525 C19H FD8329 23/04/2024 18/04/2024 27/01/2021 Books
    Dewey Decimal Classification     SGT Dental Library SGT Dental Library Reference Book 06/03/2021 AHUJA BOOK COMPANY 2850.00 SGTU 12616 6 617.525 C19H FD8330 29/08/2024 23/08/2024 27/01/2021 Books